| 000 | 00903nam a22002777a 4500 | ||
|---|---|---|---|
| 003 | CBULib | ||
| 005 | 20240920082104.0 | ||
| 008 | 230829b |||||||| |||| 00| 0 eng d | ||
| 020 | _a9781138054608 | ||
| 040 |
_bEnglish _cCBULib _erda |
||
| 041 | _aeng | ||
| 050 | _aHT 166 Urb | ||
| 100 |
_9663 _aWeng, Qihao _deditor |
||
| 245 |
_aUrban remote sensing _c/ edited by Qihao Weng, Dale Quattrochi, Paolo Gamba |
||
| 250 | _aSecond edition | ||
| 260 |
_aNew York : _bCRC Press, _c[2018] |
||
| 300 | _axxii,315 pages : illustrations | ||
| 336 |
_2rdacontent _aText | _btxt |
||
| 337 |
_2rdamedia _aUnmediated | _bn |
||
| 338 |
_2rdacarrier _aVolume _bnc |
||
| 650 | 0 |
_2Library of congress _9668 _aURBAN GEOGRAPHY--REMOTE SENSING |
|
| 650 | 0 |
_2Library of Congress _9669 _aCITY PLANNING--REMOTE SENSING |
|
| 700 |
_9664 _aQuattrochi, Dale |
||
| 700 |
_9666 _aGambia, Paolo _ceditor |
||
| 942 |
_2lcc _c002 |
||
| 999 |
_c81491 _d81491 |
||